| 000 | 00765nam a2200265Ia 4500 | ||
|---|---|---|---|
| 003 | OSt | ||
| 005 | 20220925224813.0 | ||
| 006 | a|||||r|||| 00| 0 | ||
| 007 | ta | ||
| 008 | 220923b |||||||| |||| 00| 0 eng d | ||
| 020 | _a0 7100 6921 9 | ||
| 037 | _cGeneral Book | ||
| 040 |
_aRTL _cRTL _beng |
||
| 041 |
_2eng _aeng |
||
| 082 | _aR2xM96, L1 | ||
| 100 |
_aPiaget Jean _977790 |
||
| 245 | 0 |
_aMental imagery in child _b A study of the developme |
|
| 260 |
_aLondon _bRoutledge and Kegan Paul U. K. _c1971 |
||
| 300 |
_axix, 396p _ccm. |
||
| 650 | _a Philosophy | ||
| 650 |
_aEpistemology-Piaget _9255269 |
||
| 700 | _a Inhelder Barbel | ||
| 942 |
_hR2xM96, L1 _cGB _2CC |
||
| 999 |
_c582217 _d582217 |
||